000
00331nam a22001337a 4500
008
260323b |||||||| |||| 00| 0 eng d
020
_a
9789389354089
040
_a
02
100
_a
BADWAIK,HEMANAT R.
245
_a
INTRODUCTION TO PHARMACEUTICAL ANALYSIS
260
_a
HYDERABAD
_b
PHARMA MED
_c
2025
300
_a
279
942
_c
01
999
_c
67435
_d
67435